[Event "GER-ch Seniors 65 31st"]
[Site "Radebeul"]
[Date "2019.05.02"]
[Round "7"]
[White "Hoehne, Peter"]
[Black "Moews, Harald"]
[Result "0-1"]
[WhiteElo "1925"]
[BlackElo "1737"]
[PlyCount "40"]
[EventDate "2019.04.26"]
[EventType "swiss"]
[EventRounds "9"]
[EventCountry "GER"]
[SourceTitle "CBM 190 Extra"]
[Source "ChessBase"]
[SourceDate "2019.07.15"]
[SourceVersion "1"]
[SourceVersionDate "2019.07.15"]
[SourceQuality "1"]

1. e4 e6 2. d4 Be7 3. Qg4 g6 4. e5 d6 5. Nc3 a6 6. Nf3 c5 7. exd6 Bxd6 8. Bg5 f6 9. Bf4 e5 10. Qh4 exf4 11. Bc4 cxd4 12. Ne4 Qe7 13. 0-0-0 Nc6 14. Bxg8 Rxg8 15. Nxf6+ Kf7 16. Rde1 Qxf6 17. Ng5+ Kg7 18. Qxh7+ Kf8 19. Qh6+ Qg7 20. h4 Qxh6 0-1

[Event "GER-ch Seniors 65 31st"]
[Site "Radebeul"]
[Date "2019.04.30"]
[Round "5"]
[White "Walther, Reinhard"]
[Black "Moews, Harald"]
[Result "1-0"]
[WhiteElo "2042"]
[BlackElo "1737"]
[PlyCount "83"]
[EventDate "2019.04.26"]
[EventType "swiss"]
[EventRounds "9"]
[EventCountry "GER"]
[SourceTitle "CBM 190 Extra"]
[Source "ChessBase"]
[SourceDate "2019.07.15"]
[SourceVersion "1"]
[SourceVersionDate "2019.07.15"]
[SourceQuality "1"]

1. d4 e6 2. Bf4 d5 3. e3 a6 4. Bd3 Nd7 5. Nf3 b5 6. Nbd2 c5 7. c3 c4 8. Bc2 a5 9. Ng5 g6 10. h4 Be7 11. Ndf3 Bb7 12. h5 Bxg5 13. Bxg5 f6 14. hxg6 Kf8 15. Rxh7 Rxh7 16. gxh7 Kg7 17. hxg8Q+ Qxg8 18. Bf4 Kf7 19. Bg3 Qh8 20. Ke2 e5 21. dxe5 fxe5 22. Qh1 e4 23. Ne5+ Ke6 24. Qxh8 Rxh8 25. Nxd7 Kxd7 26. Rg1 Rg8 27. Bf4 Kc6 28. g4 Bc8 29. g5 Rg6 30. f3 Bf5 31. fxe4 dxe4 32. Bd1 b4 33. Kd2 Rg7 34. Be2 Kc5 35. Be5 Rd7+ 36. Bd4+ Kd5 37. Bg4 Ke6 38. Bxf5+ Kxf5 39. g6 Rd8 40. g7 Rg8 41. Rf1+ Kg6 42. Rf8 1-0

[Event "MVP-ch Seniors op 18th"]
[Site "Ostseebad Binz"]
[Date "2018.11.29"]
[Round "2"]
[White "Moews, Harald"]
[Black "Howe, Dietrich"]
[Result "1-0"]
[WhiteElo "1726"]
[BlackElo "1484"]
[PlyCount "72"]
[EventDate "2018.11.28"]
[EventType "swiss"]
[EventRounds "9"]
[EventCountry "GER"]
[SourceTitle "CBM 188 Extra"]
[Source "ChessBase"]
[SourceDate "2019.02.28"]
[SourceVersion "1"]
[SourceVersionDate "2019.02.28"]
[SourceQuality "1"]

1. e4 c5 2. d3 e6 3. Be2 Nf6 4. Bg5 Be7 5. h3 d6 6. Nf3 Qc7 7. 0-0 Nc6 8. Bf4 0-0 9. Nbd2 a6 10. c4 b6 11. a3 Bb7 12. Rb1 Nh5 13. Bh2 Bf6 14. g4 Qd8 15. gxh5 Ne7 16. Bg3 g6 17. Nh2 Bg7 18. Bh4 Qc7 19. f4 e5 20. f5 gxf5 21. Rxf5 Nxf5 22. exf5 f6 23. Ng4 Qd7 24. Qf1 d5 25. h6 Bxh6 26. Nxh6+ Kh8 27. cxd5 Qxd5 28. Ne4 Qd4+ 29. Kh2 Qe3 30. Ng4 Qd4 31. Bxf6+ Rxf6 32. Ngxf6 Rf8 33. Ng3 Bc8 34. Ng4 Qe3 35. Re1 Qd4 36. Qf2 Qxb2 1-0

[Event "GER-ch Seniors 65+ 30th"]
[Site "Hamburg"]
[Date "2018.07.23"]
[Round "3"]
[White "Moews, Harald"]
[Black "Lahn, Horst"]
[Result "1-0"]
[WhiteElo "1772"]
[BlackElo "1522"]
[PlyCount "119"]
[EventDate "2018.07.21"]
[EventType "swiss"]
[EventRounds "9"]
[EventCountry "GER"]
[SourceTitle "EXT 2020"]
[Source "ChessBase"]
[SourceDate "2019.10.17"]
[SourceVersion "1"]
[SourceVersionDate "2019.10.17"]
[SourceQuality "1"]

1. e4 c6 2. d4 d5 3. e5 Bf5 4. Bd3 Bxd3 5. Qxd3 e6 6. c3 Nd7 7. f4 Ne7 8. a4 Nf5 9. Nf3 Qc7 10. g4 Ne7 11. a5 c5 12. Be3 cxd4 13. Bxd4 Nc6 14. Nbd2 Nxa5 15. 0-0 Nc5 16. Qb5+ Nc6 17. Bxc5 a6 18. Qb6 Rc8 19. Qxc7 Bxc5+ 20. Kg2 Rxc7 21. Nb3 Ne7 22. Ra5 Bb6 23. Ra4 0-0 24. h4 Rfc8 25. h5 h6 26. Kg3 Rc4 27. Raa1 Be3 28. Nh4 Re4 29. Ng2 Bb6 30. Nd2 Re2 31. Rad1 Be3 32. Nxe3 Rxe3+ 33. Kf2 Rh3 34. Nf3 Nc6 35. Kg2 Rxf3 36. Kxf3 Na5 37. Rf2 Rc5 38. Ra1 Nc6 39. Ke3 Rc4 40. Kd3 Ne7 41. b3 Rc6 42. b4 b5 43. Ra5 Nc8 44. f5 Rc4 45. fxe6 fxe6 46. Rg2 Re4 47. g5 Kh7 48. g6+ Kg8 49. Rf2 Rxe5 50. Rf7 Rxh5 51. Rc7 Rf5 52. Rxc8+ Rf8 53. Rxf8+ Kxf8 54. Rxa6 Ke7 55. Kd4 Kf6 56. Kc5 h5 57. Kxb5 h4 58. Kc5 h3 59. Kd4 h2 60. Ra1 1-0

[Event "MVP-ch Seniors op 16th"]
[Site "Binz"]
[Date "2016.11.29"]
[Round "7.64"]
[White "Moews, Harald"]
[Black "Farel, Edgard"]
[Result "1-0"]
[WhiteElo "1794"]
[BlackElo "1628"]
[PlyCount "86"]
[EventDate "2016.11.23"]
[EventType "swiss"]
[EventRounds "9"]
[EventCountry "GER"]
[SourceTitle "EXT 2018"]
[Source "ChessBase"]
[SourceDate "2017.10.13"]
[SourceVersion "1"]
[SourceVersionDate "2017.10.13"]
[SourceQuality "1"]

1. e4 c5 2. c4 Nc6 3. d3 e6 4. Nc3 Nf6 5. f4 d6 6. Be2 a6 7. a4 Qc7 8. Nf3 Be7 9. 0-0 0-0 10. Bd2 Nd4 11. Nxd4 cxd4 12. Nb1 Bd7 13. Na3 b6 14. Nc2 e5 15. f5 Kh8 16. b3 b5 17. a5 bxc4 18. bxc4 Rfb8 19. g4 g6 20. g5 Ne8 21. f6 Bf8 22. h4 Qd8 23. Kg2 h5 24. Bxh5 Be6 25. Be2 Qd7 26. Rh1 d5 27. cxd5 Bxd5 28. exd5 Qxd5+ 29. Bf3 Qe6 30. Bxa8 Rxa8 31. Qf3 Rd8 32. h5 Kg8 33. hxg6 fxg6 34. Qe4 Qd5 35. Raf1 Qxe4+ 36. dxe4 Nd6 37. Re1 Rc8 38. Na1 Rb8 39. Kf3 Rb2 40. Bc1 Ra2 41. Nb3 Rc2 42. Kg4 Rc3 43. Nd2 Ra3 1-0